Nature, role and value of green space in towns and cities: an overview (Record no. 73339)
[ view plain ]
| 000 -LEADER | |
|---|---|
| fixed length control field | 01209cam a2200265 4500 |
| 001 - CONTROL NUMBER | |
| control field | ABS67011 |
| 008 - FIXED-LENGTH DATA ELEMENTS--GENERAL INFORMATION | |
| fixed length control field | 030903n2003 000 0 eng u |
| 035 ## - SYSTEM CONTROL NUMBER | |
| System control number | (Sirsi) u123480 |
| 100 ## - MAIN ENTRY--PERSONAL NAME | |
| Personal name | Swanwick, C. |
| 245 ## - TITLE STATEMENT | |
| Title | Nature, role and value of green space in towns and cities: an overview |
| 260 ## - PUBLICATION, DISTRIBUTION, ETC. | |
| Date of publication, distribution, etc. | 2003 |
| 490 ## - SERIES STATEMENT | |
| Series statement | Built Environment |
| Volume/sequential designation | 29(2) 2003, 94-106(13) |
| 520 ## - SUMMARY, ETC. | |
| Summary, etc. | A summary of recent research by the Sheffield University Landscape Department into the role and value of urban parks, play areas and green spaces. The attitudes of people to these spaces and the ways in which local authorities maintain them reveals that urban green space has the ability to contribute positively to some of the key agendas in urban areas including social inclusion, health, sustainability, and urban renewal. Tables, diagrams and references. [Taken from journal headnote]. |
| 590 ## - LOCAL NOTE (RLIN) | |
| Local note | ABS |
| 650 ## - SUBJECT ADDED ENTRY--TOPICAL TERM | |
| Topical term or geographic name entry element | Sustainability |
| 9 (RLIN) | 6271 |
| 650 ## - SUBJECT ADDED ENTRY--TOPICAL TERM | |
| Topical term or geographic name entry element | PARKS |
| 650 ## - SUBJECT ADDED ENTRY--TOPICAL TERM | |
| Topical term or geographic name entry element | GREEN SPACES |
| 650 ## - SUBJECT ADDED ENTRY--TOPICAL TERM | |
| Topical term or geographic name entry element | URBAN RENEWAL |
| 650 ## - SUBJECT ADDED ENTRY--TOPICAL TERM | |
| Topical term or geographic name entry element | LANDSCAPE |
| 650 ## - SUBJECT ADDED ENTRY--TOPICAL TERM | |
| Topical term or geographic name entry element | SOCIAL INCLUSION |
| 690 ## - LOCAL SUBJECT ADDED ENTRY--TOPICAL TERM (OCLC, RLIN) | |
| Topical term or geographic name as entry element | ENVIRONMENTAL AND LAND CONSULTANCY-PLANNING AND DEVELOPMENT |
| 700 ## - ADDED ENTRY--PERSONAL NAME | |
| Personal name | Dunnett, N. |
| 700 ## - ADDED ENTRY--PERSONAL NAME | |
| Personal name | Woolley, H. |
| 942 ## - ADDED ENTRY ELEMENTS (KOHA) | |
| Suppress in OPAC | 0 |
| Withdrawn status | Lost status | Source of classification or shelving scheme | Damaged status | Not for loan | Home library | Current library | Shelving location | Date acquired | Total Checkouts | Full call number | Barcode | Date last seen | Copy number | Price effective from | Koha item type |
|---|---|---|---|---|---|---|---|---|---|---|---|---|---|---|---|
| Dewey Decimal Classification | London | London | Journal article | 03/09/2003 | ABS67011 | 123480-1001 | 06/08/2019 | 1 | 06/08/2019 | Journal article |